| 000 | 00518nam a2200181 a 4500 | ||
|---|---|---|---|
| 001 | 2780 | ||
| 005 | 20140414132041.0 | ||
| 008 | 040602s19uu xx 00 eng d | ||
| 020 | _a0-590-72890-3 | ||
| 050 |
_aBB _bB63 1994 |
||
| 245 |
_aThe Bojabi tree : _ba folktale from Gabon / _cillustrated by Gerardo Suzan. |
||
| 260 |
_aNew York : _bScholastic , _c1994. |
||
| 300 | _a16 p. : ill. ; cm. | ||
| 440 | _aBig Multicultural Tales | ||
| 650 | _aFolktale--Gabon. | ||
| 650 | _aChildren stories. | ||
| 999 |
_c113843 _d113843 |
||